书目信息 |
| 题名: |
换一种方式说话
|
|
| 作者: | 郁琴芳 , 王萍 , 陆春晔 , 孙永青 著 | |
| 分册: | ||
| 出版信息: | 上海 华东师范大学出版社 2020.07 |
|
| 页数: | 148页 | |
| 开本: | 24cm | |
| 丛书名: | 家校合作新实践丛书 | |
| 单 册: | ||
| 中图分类: | G459 | |
| 科图分类: | ||
| 主题词: | 家校教育--jia jiao jiao yu--合作--家庭教育--研究 | |
| 电子资源: | ||
| ISBN: | 978-7-5760-0369-7 | |
| 000 | 01960nam 2200325 450 | |
| 001 | 0104125627 | |
| 005 | 20201104125712.0 | |
| 010 | @a978-7-5760-0369-7@dCNY30.00 | |
| 100 | @a20200911d2020 em y0chiy50 ea | |
| 101 | 0 | @achi |
| 102 | @aCN@b310000 | |
| 105 | @ay z 000yy | |
| 106 | @ar | |
| 200 | 1 | @a换一种方式说话@Ahuan yi zhong fang shi shuo hua@e亲师沟通的技巧与实战@f郁琴芳[等]著 |
| 210 | @a上海@c华东师范大学出版社@d2020.07 | |
| 215 | @a148页@d24cm | |
| 225 | 2 | @a家校合作新实践丛书@Ajia jiao he zuo xin shi jian cong shu |
| 304 | @a著者还有:王萍, 陆春晔, 孙永青 | |
| 314 | @a郁琴芳,博士研究生,上海市教育科学研究院家庭教育研究与指导中心主任,上海终身教育研究院兼职研究员,长三角家校合作研究与指导联盟秘书长;王萍,上海市德育特级教师,上海市普陀区教育学院德育研究室主任、普陀区中小学心理健康教育中心主任,上海市中小学德育研究协会理事,上海市班主任德育实训基地指导专家;陆春晔,中学高级教师,上海市嘉定区教育学院家庭教育、班主任教研员。曾荣获上海市“育德之星”、上海市优秀家庭教育指导者、嘉定区新长征突击手、嘉定区十佳班主任、嘉定区未成年人思想道德建设先进个人等荣誉称号;孙永青,中学高级教师,上海市浦东教育发展研究院德育教研员。 | |
| 330 | @a亲师沟通是家校合作的基础,而教师在亲师沟通中的专业素养和能力技巧显得尤为重要。本书基于家校言语沟通的现象与问题,选取教师与家长言语交流的正反面案例,用对比案例的方式让教师直观学习亲师沟通的技巧和策略。本书呈现了十个实用的亲师沟通技巧,如“沟通之前,详细准备”“描述事实,不做判断”“设身处地,有同理心”,等等,将理论与实践融合贯通,助力教师解决现实的亲师沟通困境。 | |
| 461 | 0 | @12001 @a家校合作新实践丛书 |
| 517 | 1 | @a亲师沟通的技巧与实战@Aqin shi gou tong de ji qiao yu shi zhan |
| 606 | 0 | @a家校教育@Ajia jiao jiao yu@x合作@x家庭教育@x研究 |
| 690 | @aG459@v5 | |
| 701 | 0 | @a郁琴芳@Ayu qin fang@4著 |
| 701 | 0 | @a王萍@Awang ping@4著 |
| 701 | 0 | @a陆春晔@Alu chun ye@4著 |
| 701 | 0 | @a孙永青@Asun yong qing@4著 |
| 801 | 0 | @aCN@bBJSZM@c20201104 |
| 905 | @b1260776-80@dG459@e409@f5 | |
| 换一种方式说话:亲师沟通的技巧与实战/郁琴芳[等]著.-上海:华东师范大学出版社,2020.07 |
| 148页;24cm.-(家校合作新实践丛书) |
| ISBN 978-7-5760-0369-7:CNY30.00 |
| 亲师沟通是家校合作的基础,而教师在亲师沟通中的专业素养和能力技巧显得尤为重要。本书基于家校言语沟通的现象与问题,选取教师与家长言语交流的正反面案例,用对比案例的方式让教师直观学习亲师沟通的技巧和策略。本书呈现了十个实用的亲师沟通技巧,如“沟通之前,详细准备”“描述事实,不做判断”“设身处地,有同理心”,等等,将理论与实践融合贯通,助力教师解决现实的亲师沟通困境。 |
| ● |
| 相关链接 |
|
|
|
|
正题名:换一种方式说话
索取号:G459/409
 
预约/预借
| 序号 | 登录号 | 条形码 | 馆藏地/架位号 | 状态 | 备注 |
| 1 | 1260776 | 212607767 | 第一样本阅览室/ [索取号:G459/409] | 在馆 | |
| 2 | 1260777 | 212607776 | 教育系资料室/ [索取号:G459/409] | 在馆 | |
| 3 | 1260778 | 212607785 | 教育系资料室/ [索取号:G459/409] | 在馆 | |
| 4 | 1260779 | 212607794 | 第四借阅区/ [索取号:G459/409] | 在馆 | |
| 5 | 1260780 | 212607801 | 第四借阅区/ [索取号:G459/409] | 在馆 |